The Eldritch new adventures of Becky Sharp /

Bibliographic Details
Main Author: Harris, Micah S.
Other Authors: Wallace, Loston
Format: Book
Language:English
Published: Goldsboro, NC : Minor Profit Press, [2008]
Edition:1st ed.
Subjects:

MARC

Tag First Indicator Second Indicator Subfields
LEADER 00000cam a2200000Ia 4500
001 in00002425113
005 20151109151930.0
008 081022s2008 ncua 000 1 eng d
020 |a 9780981677002 
020 |a 0981677002 
035 |a (OCoLC)ocn615808649 
035 |a (OCoLC)615808649 
040 |a TXA  |c TXA  |d UtOrBLW 
049 |a TXAM 
090 |a PS3608.A78326  |b E43 2008 
100 1 |a Harris, Micah S. 
245 1 4 |a The Eldritch new adventures of Becky Sharp /  |c by Micah S. Harris ; cover and interior illustrations by Loston Wallace. 
250 |a 1st ed. 
264 1 |a Goldsboro, NC :  |b Minor Profit Press,  |c [2008] 
264 4 |c ©2008 
300 |a xiv, 114 pages :  |b illustrations ;  |c 27 cm. 
336 |a text  |b txt  |2 rdacontent 
337 |a unmediated  |b n  |2 rdamedia 
338 |a volume  |b nc  |2 rdacarrier 
655 7 |a Fantasy fiction.  |2 lcgft 
700 1 |a Wallace, Loston. 
994 |a C0  |b TXA 
948 |a cataloged  |b h  |c 2010/5/17  |d o  |e nbehmer  |f 3:43:18 pm 
999 |a MARS 
999 f f |s 8b5497c0-76f9-3ea8-9a33-a4c451409e2e  |i 258e0b39-65c0-3313-a8d7-72ba41e2728e  |t 0 
952 f f |p ric  |a Texas A&M University  |b Rellis Campus  |c Joint Library Facility  |d Remote Storage  |t 0  |e PS3608.A78326 E43 2008  |h Library of Congress classification  |i unmediated -- volume  |m A14839148769 
998 f f |a PS3608.A78326 E43 2008  |t 0  |l Remote Storage